000 00299nam a2200145Ia 4500
100 _aConstance/John D
650 _aGeneral
942 _cBK
654 _aI.Q Checking
245 _aCheck your I.Q
260 _bSudha pub.
_aNew Delhi
082 _a153.9324
300 _a184
546 _aENGLISH
999 _c20080
_d20080